[Event "Titled Tuesday intern op 12th Mar Late"]
[Site "Chess.com INT"]
[Date "2024.03.12"]
[Round "4"]
[White "Pastar, Slaven"]
[Black "Carrasco Miranda, Andres"]
[Result "1-0"]
[WhiteElo "2363"]
[BlackElo "2247"]
[PlyCount "125"]
[EventDate "2024.03.12"]
[EventType "swiss (blitz)"]
[EventRounds "11"]
[EventCountry "USA"]
[SourceTitle "CB12_2024"]
[SourceDate "2023.10.01"]
[SourceVersion "1"]
[SourceVersionDate "2023.10.01"]
[SourceQuality "1"]

1. b3 e5 2. Bb2 Nc6 3. Nf3 e4 4. Nd4 Nf6 5. e3 h5 6. d3 exd3 7. Bxd3 h4 8. h3 d5 9. Nxc6 bxc6 10. Nd2 Bd6 11. Qf3 Qe7 12. e4 Be5 13. Bxe5 Qxe5 14. 0-0 0-0 15. Rfe1 Qg5 16. Rad1 Be6 17. e5 Nh5 18. Bf1 a5 19. a4 Rab8 20. Kh2 Rb4 21. Qe3 Qg6 22. Bd3 Bf5 23. Nf3 Re8 24. Bxf5 Qxf5 25. Nd4 Qg6 26. Nxc6 Qxc6 27. Qg5 Qg6 28. Qe3 Nf4 29. Rg1 Ne6 30. Rxd5 Rd8 31. Rgd1 Rxd5 32. Rxd5 Nf4 33. Rd8+ Kh7 34. Qf3 Qg5 35. Qa8 Re4 36. Rh8+ Kg6 37. Qc6+ f6 38. Qxe4+ f5 39. Qf3 Ne6 40. Re8 Kf7 41. Rxe6 Kxe6 42. Qc6+ Kxe5 43. Qxc7+ Ke6 44. Qc4+ Kf6 45. Qc6+ Kf7 46. Qd7+ Kg6 47. Qe8+ Kh6 48. Qe3 f4 49. Qf3 Qf5 50. Qg4 Qe5 51. Qxh4+ Kg6 52. Qg4+ Kf6 53. Qf3 g5 54. g3 Qc7 55. h4 Kg6 56. hxg5 Qh7+ 57. Kg2 fxg3 58. Qxg3 Qb7+ 59. Qf3 Qb4 60. Qf6+ Kh5 61. Qh6+ Kg4 62. f3+ Kf5 63. Qf6# 1-0

[Event "Titled Tuesday intern op 13th Feb Early"]
[Site "Chess.com INT"]
[Date "2024.02.13"]
[Round "6"]
[White "Silva, Pedro Gil Ferreira"]
[Black "Pastar, Slaven"]
[Result "1-0"]
[WhiteElo "2222"]
[BlackElo "2363"]
[PlyCount "81"]
[EventDate "2024.02.13"]
[EventType "swiss (blitz)"]
[EventRounds "11"]
[EventCountry "USA"]
[SourceTitle "CB08_2024"]
[SourceDate "2024.02.21"]
[SourceVersion "1"]
[SourceVersionDate "2024.02.21"]
[SourceQuality "1"]

1. e4 b6 2. d4 Bb7 3. Bd3 Nf6 4. Qe2 e6 5. Nf3 d5 6. Nbd2 dxe4 7. Nxe4 Nbd7 8. 0-0 Be7 9. Re1 0-0 10. c3 h6 11. Bf4 Rc8 12. Rad1 Nxe4 13. Bxe4 Bxe4 14. Qxe4 Nf6 15. Qc2 Qd5 16. Qa4 b5 17. Qxa7 Bd6 18. Bxd6 cxd6 19. a3 Ra8 20. Qc7 Rfc8 21. Qe7 Qc6 22. d5 Nxd5 23. Qh4 Nf6 24. Qd4 Rd8 25. h3 Ra4 26. Qd3 Rc4 27. Nd4 Qc5 28. Rc1 Rc8 29. Rcd1 Qb6 30. Re3 Nd5 31. Rg3 Nf4 32. Qf3 g5 33. Qxf4 e5 34. Qf6 exd4 35. Qxh6 R4c5 36. Rxd4 Rf5 37. Rxg5+ Rxg5 38. Qxg5+ Kf8 39. Qh6+ Ke7 40. Re4+ Kd7 41. Qf6 1-0

[Event "EU-ch Rapid"]
[Site "Zagreb"]
[Date "2023.12.15"]
[Round "11"]
[White "Pastar, Slaven"]
[Black "Kadric, Denis"]
[Result "0-1"]
[WhiteElo "2357"]
[BlackElo "2587"]
[PlyCount "132"]
[EventDate "2023.12.14"]
[EventType "swiss (rapid)"]
[EventRounds "11"]
[EventCountry "CRO"]
[SourceTitle "CB51_2023"]
[SourceDate "2023.12.20"]
[SourceVersion "1"]
[SourceVersionDate "2023.12.20"]
[SourceQuality "1"]

1. b3 d5 2. Bb2 Bf5 3. Nf3 h6 4. e3 e6 5. Bd3 Bxd3 6. cxd3 Nf6 7. 0-0 Nbd7 8. d4 Be7 9. Nc3 0-0 10. d3 c5 11. dxc5 Nxc5 12. d4 Ncd7 13. Qd3 a6 14. Rfc1 Rc8 15. Rc2 Qa5 16. a3 Rc6 17. b4 Qc7 18. b5 axb5 19. Nxb5 Qb6 20. Rac1 Rfc8 21. a4 Qa5 22. Qb3 Nb6 23. Rxc6 bxc6 24. Nc3 Nc4 25. Ne2 Nd7 26. Bc3 Qa6 27. Qa2 Ba3 28. Ra1 Qxa4 29. Bb2 Rb8 30. Bxa3 Qxa3 31. Qxa3 Nxa3 32. g3 Nc4 33. Nc1 c5 34. Ra7 Nf6 35. Nd3 cxd4 36. Nxd4 Ne4 37. Ra2 Rb7 38. Kg2 g5 39. h4 Kg7 40. hxg5 hxg5 41. g4 Kf6 42. Rc2 Ra7 43. Ne1 Ra1 44. Nef3 Ke7 45. Nb3 Ra4 46. Nbd4 f6 47. Nc6+ Kd7 48. Ncd4 Ncd6 49. Ne2 e5 50. Nh2 d4 51. exd4 exd4 52. Nc1 Ra3 53. Ra2 Rxa2 54. Nxa2 Kc6 55. f4 gxf4 56. Kf3 Nc3 57. Nb4+ Kb5 58. Nd3 Kc4 59. Nxf4 Nf7 60. Nf1 Ne5+ 61. Kg3 Ne4+ 62. Kh4 d3 63. Nxd3 Kxd3 64. Kh5 Ke2 65. Nh2 Kf2 66. Kh4 Kg2 0-1

[Event "Titled Tuesday intern op 14th Nov Early"]
[Site "Chess.com INT"]
[Date "2023.11.14"]
[Round "6"]
[White "Buchenau, Frank"]
[Black "Pastar, Slaven"]
[Result "0-1"]
[WhiteElo "2135"]
[BlackElo "2351"]
[PlyCount "44"]
[EventDate "2023.11.14"]
[EventType "swiss (blitz)"]
[EventRounds "11"]
[EventCountry "USA"]
[SourceTitle "CB47_2023"]
[SourceDate "2023.11.22"]
[SourceVersion "1"]
[SourceVersionDate "2023.11.22"]
[SourceQuality "1"]

1. e4 b6 2. d4 Bb7 3. Bd3 Nf6 4. Qe2 e6 5. Nf3 d5 6. exd5 Qxd5 7. c4 Qh5 8. d5 Bb4+ 9. Bd2 Bxd2+ 10. Nbxd2 0-0 11. dxe6 Re8 12. 0-0 Rxe6 13. Qd1 Nbd7 14. Qc2 Rd8 15. Rfe1 Rd6 16. Ne4 Nxe4 17. Bxe4 Bxe4 18. Rxe4 Nc5 19. Re5 Qg6 20. Qxg6 hxg6 21. Re7 Ne6 22. Re1 Kf8 0-1

[Event "BIH-chT 21st"]
[Site "Sarajevo"]
[Date "2023.11.07"]
[Round "8.4"]
[White "Pastar, Slaven"]
[Black "Burovic, Ismet"]
[Result "1-0"]
[WhiteElo "2351"]
[BlackElo "2329"]
[PlyCount "81"]
[EventDate "2023.10.31"]
[EventType "team-tourn"]
[EventRounds "9"]
[EventCountry "BIH"]
[SourceTitle "Mega2024 Update 01"]
[Source "Chessbase"]
[SourceDate "2023.11.12"]
[SourceVersion "1"]
[SourceVersionDate "2023.11.12"]
[SourceQuality "1"]
[WhiteTeam "Cazin"]
[BlackTeam "Sarajevo Napredak"]
[WhiteTeamCountry "BIH"]
[BlackTeamCountry "BIH"]

1. Nf3 Nf6 2. g3 g6 3. Bg2 Bg7 4. d4 0-0 5. 0-0 d5 6. a4 c5 7. e3 Nc6 8. c3 Ne4 9. Nbd2 f5 10. Qc2 c4 11. b3 cxb3 12. Qxb3 Na5 13. Qb4 Nd6 14. Ba3 Bf6 15. Ne5 Be6 16. Nd3 g5 17. g4 Ne4 18. gxf5 Nxd2 19. fxe6 Nxf1 20. Rxf1 Nc4 21. Bc1 a5 22. Qxb7 Nb6 23. Nc5 Qd6 24. Nd7 Nxd7 25. Qxd7 Rad8 26. Qxd6 Rxd6 27. Ba3 Rc6 28. Bc5 Rd8 29. c4 Rxc5 30. dxc5 dxc4 31. Rb1 c3 32. Be4 Be5 33. c6 Rb8 34. Rb7 Bd6 35. Kf1 Rc8 36. Ke2 Kg7 37. Rb5 Kf6 38. Kd3 Bxh2 39. Rf5+ Kxe6 40. Rxg5 Kf6 41. f4 1-0